000 00244 a2200109 4500
001 51169
040 _cAnchieta - Pituba
240 1 0 _a32ª Gincana CD 2
_l
245 1 0 _a32ª Gincana CD 2
650 4 _aLínguas espanhola e portuguesa
942 _cMX
999 _c51169
_d51169